000 00785cam a2200205 i 4500
005 20260118111139.0
008 250721s2005 jo gr 000 0 ara d
082 1 4 _a327.160956
_bم ح م
100 1 _aمحمد، صباح محمود
_eمؤلف.
245 1 2 _aالسياسات المائية في الشرق الأوسط /
_cالأستاذ الدكتور صباح محمود محمد.
250 _aالطبعة الأولى.
264 3 1 _aعمان :
_bمؤسسة الوراق للنشر والتوزيع،
_c2005.
300 _a300 صفحة.
650 1 7 _aالسياسة المائية.
650 1 7 _aالعلاقات الدولية.
650 1 7 _aإدارة المياة
650 1 7 _aالشرق الأوسط.
942 _2ddc
_cBK
999 _c98591
_d98591